| 000 | 00551nam a22001937a 4500 | ||
|---|---|---|---|
| 003 | KOHA_MİRAKIL | ||
| 005 | 20250409164719.0 | ||
| 008 | 250409b tu ||||| |||| 00| 0 tur d | ||
| 020 | _a9789750408991 | ||
| 040 |
_aTR-AnABB _btur _cTR-AnABB |
||
| 041 | _atur | ||
| 082 |
_a813.42 _bAKC 2022 |
||
| 100 | 1 | _aAkçam, Dursun, | |
| 245 | 1 | 0 |
_aKöyden indim şehire kafkas kızı / _cDursun Akçam |
| 260 |
_aİstanbul : _bLiteratür Yayınları, _c2022 |
||
| 300 |
_a187 sayfa ; _c20 cm |
||
| 650 | 0 | 4 | _aTürk edebiyatı, roman |
| 942 |
_2ddc _cBK |
||
| 999 |
_c8619 _d8619 |
||
| 900 | _bGizem YORULMAZ | ||